Sports Quiz

Random Sports Quiz

Final AP poll rankings 2001-2012 Quiz Stats

 Plays Quiz not verified by Sporcle

Score 0/300 Timer 10:00
0 Plays Today
% Correct
Alabama
98.3%
Alabama
98.3%
Alabama
98.3%
Alabama
98.3%
Alabama
98.3%
Alabama
98.3%
Southern California
97.8%
Southern California
97.8%
Southern California
97.8%
Southern California
97.8%
Southern California
97.8%
Southern California
97.8%
Southern California
97.8%
Southern California
97.8%
Southern California
97.8%
Louisiana State
97.5%
Louisiana State
97.5%
Louisiana State
97.5%
Louisiana State
97.5%
Louisiana State
97.5%
Louisiana State
97.5%
Louisiana State
97.5%
Louisiana State
97.5%
Louisiana State
97.5%
Louisiana State
97.5%
Florida
96.8%
Florida
96.8%
Florida
96.8%
Florida
96.8%
Florida
96.8%
Florida
96.8%
Florida
96.8%
Florida
96.8%
Texas
96.5%
Texas
96.5%
Texas
96.5%
Texas
96.5%
Texas
96.5%
Texas
96.5%
Texas
96.5%
Texas
96.5%
Texas
96.5%
Texas
96.5%
Oregon
96.3%
Oregon
96.3%
Oregon
96.3%
Oregon
96.3%
Oregon
96.3%
Oregon
96.3%
Oregon
96.3%
Oregon
96.3%
Ohio State
95.3%
Ohio State
95.3%
Ohio State
95.3%
Ohio State
95.3%
Ohio State
95.3%
Ohio State
95.3%
Ohio State
95.3%
Ohio State
95.3%
Ohio State
95.3%
Oklahoma
95%
Oklahoma
95%
Oklahoma
95%
Oklahoma
95%
Oklahoma
95%
Oklahoma
95%
Oklahoma
95%
Oklahoma
95%
Oklahoma
95%
Oklahoma
95%
Oklahoma
95%
Michigan
94.5%
Auburn
94.5%
Auburn
94.5%
Michigan
94.5%
Michigan
94.5%
Auburn
94.5%
Auburn
94.5%
Auburn
94.5%
Michigan
94.5%
Michigan
94.5%
Michigan
94.5%
Auburn
94.5%
Michigan
94.5%
Michigan
94.5%
Auburn
94.5%
Florida State
94%
Florida State
94%
Florida State
94%
Florida State
94%
Florida State
94%
Florida State
94%
Florida State
94%
Florida State
94%
Florida State
94%
Georgia
93.8%
Georgia
93.8%
Georgia
93.8%
Georgia
93.8%
Georgia
93.8%
% Correct
Georgia
93.8%
Georgia
93.8%
Georgia
93.8%
Georgia
93.8%
Georgia
93.8%
Oklahoma State
93%
Oklahoma State
93%
Oklahoma State
93%
Michigan State
92%
Michigan State
92%
Michigan State
92%
California Los Angeles
91.5%
Washington
91%
Washington
91%
Kansas
90.8%
Oregon State
90.5%
Oregon State
90.5%
Oregon State
90.5%
Virginia
90.5%
Virginia
90.5%
Oregon State
90.5%
Wisconsin
90.3%
Wisconsin
90.3%
Wisconsin
90.3%
Tennessee
90.3%
Wisconsin
90.3%
Wisconsin
90.3%
Tennessee
90.3%
Wisconsin
90.3%
Tennessee
90.3%
Wisconsin
90.3%
Tennessee
90.3%
Tennessee
90.3%
Wisconsin
90.3%
Stanford
90%
Stanford
90%
Texas A&M
90%
Stanford
90%
Boise State
89.8%
Boise State
89.8%
Boise State
89.8%
Mississippi
89.8%
Boise State
89.8%
Mississippi
89.8%
Boise State
89.8%
Boise State
89.8%
Mississippi
89.8%
Boise State
89.8%
Boise State
89.8%
Texas Tech
89.6%
Texas Tech
89.6%
Texas Tech
89.6%
Texas Tech
89.6%
Texas Tech
89.6%
Virginia Tech
89.1%
Nebraska
89.1%
Virginia Tech
89.1%
Nebraska
89.1%
Pennsylvania State
89.1%
Virginia Tech
89.1%
Nebraska
89.1%
Pennsylvania State
89.1%
Virginia Tech
89.1%
Virginia Tech
89.1%
Virginia Tech
89.1%
Pennsylvania State
89.1%
Pennsylvania State
89.1%
Nebraska
89.1%
Virginia Tech
89.1%
Nebraska
89.1%
Pennsylvania State
89.1%
Virginia Tech
89.1%
Nebraska
89.1%
Virginia Tech
89.1%
Virginia Tech
89.1%
Nebraska
89.1%
Texas Christian
88.3%
Texas Christian
88.3%
Texas Christian
88.3%
Georgia Tech
88.3%
Texas Christian
88.3%
Georgia Tech
88.3%
Texas Christian
88.3%
Texas Christian
88.3%
Texas Christian
88.3%
Texas Christian
88.3%
Georgia Tech
88.3%
Georgia Tech
88.3%
Texas Christian
88.3%
Utah
88.1%
Utah
88.1%
Utah
88.1%
Utah
88.1%
South Carolina
87.1%
South Carolina
87.1%
Virginia Tech
87.1%
South Carolina
87.1%
South Carolina
87.1%
Arkansas
86.1%
Kansas State
86.1%
% Correct
Arkansas
86.1%
California
86.1%
Arkansas
86.1%
California
86.1%
California
86.1%
Kansas State
86.1%
Kansas State
86.1%
Kansas State
86.1%
Iowa
85.6%
Iowa
85.6%
Illinois
85.6%
Iowa
85.6%
Iowa
85.6%
Washington State
85.6%
Iowa
85.6%
Washington State
85.6%
Washington State
85.6%
Illinois
85.6%
Notre Dame
85.1%
Notre Dame
85.1%
Notre Dame
85.1%
Notre Dame
85.1%
West Virginia
84.8%
West Virginia
84.8%
West Virginia
84.8%
West Virginia
84.8%
Arizona State
84.8%
West Virginia
84.8%
West Virginia
84.8%
Arizona State
84.8%
West Virginia
84.8%
Colorado
84.3%
Colorado
84.3%
Missouri
83.1%
Missouri
83.1%
Missouri
83.1%
Clemson
82.8%
Clemson
82.8%
Clemson
82.8%
Clemson
82.8%
Clemson
82.8%
Clemson
82.8%
Maryland
82.3%
Maryland
82.3%
Maryland
82.3%
Maryland
82.3%
Pittsburgh
82.1%
Pittsburgh
82.1%
Pittsburgh
82.1%
Mississippi State
81.6%
Mississippi State
81.6%
Syracuse
79.6%
Minnesota
79.1%
North Carolina State
78.6%
North Carolina State
78.6%
Boston College
77.1%
Boston College
77.1%
Boston College
77.1%
Boston College
77.1%
Baylor
75.6%
Purdue
75.4%
Purdue
75.4%
Brigham Young
74.9%
Brigham Young
74.9%
Brigham Young
74.9%
Brigham Young
74.9%
Brigham Young
74.9%
Louisville
74.6%
Louisville
74.6%
Louisville
74.6%
Louisville
74.6%
Iowa State
71.9%
Miami Florida
68.9%
Miami Florida
68.9%
Miami Florida
68.9%
Miami Florida
68.9%
Miami Florida
68.9%
Miami Florida
68.9%
Miami Florida
68.9%
Rutgers
68.7%
Wake Forest
68.4%
Houston
67.4%
Cincinnati
67.2%
Cincinnati
67.2%
Cincinnati
67.2%
Cincinnati
67.2%
Hawaii
65.7%
Boston College
64.2%
Southern Mississippi
62.9%
Nevada
62.2%
Central Florida
57.2%
Colorado State
55%
Navy
52.2%
Miami Ohio
52%
Fresno State
51.7%
Marshall
48.5%
Tulsa
43%
Toledo
36.1%
Central Michigan
34.3%
Bowling Green
27.6%

You're not logged in!

Compare scores with friends on all Sporcle quizzes.
OR
Log In

Show Comments

Extras

Top Quizzes Today


Score Distribution

Your Account Isn't Verified!

In order to create a playlist on Sporcle, you need to verify the email address you used during registration. Go to your Sporcle Settings to finish the process.

Report this User

Report this user for behavior that violates our Community Guidelines.

Details: